00470nam a2200169Ia 4500008004100000020001300041040001900054041001200073082002800085100001600113245004600129260004000175300002400215650002800239700002300267850001000290131103s9999 xx 000 0 und d cRs.12.50 aLoreto College aEnglish a954.01/PANbLCLIB/17272 aPandey,V.C. aAncient IndiacV.C.Pandey and U.S.Khattri aLucknowbPrakashan Kendrac[19 - ?] axv,112 p. c 21 cm. aHistory - Ancient India aKhattri,U.S.,auth. aLCLIB